00678nam a22001337a 4500008004100000082002000041100002200061245006200083260004500145300003200190505025900222650004000481700002300521150410b xxu||||| |||| 00| 0 eng d a759.06bW 143pI aWaldberg, Patrick aArte ContemporaneobPintura FantasticacWaldberg, Patrick aBuenos Aires, ArgentinabVisconteac1977 a112 p.bill. (col)c30.5 cm tGiorgio de Chirico y el nacimiento de la metafisicarPatrick WaldbergtLa difusion de la metafisica y su influencia en el surrealismorPatrick WaldbergtDossier CientificotAntologia criticatEl mundo poetico de De ChiricotCarra, Morandi y la metafisica xSurrealismoxArte modernoxSiglo 20 aPatrick Waldberg,